| 000 | 00766nam a2200205 i 4500 | ||
|---|---|---|---|
| 001 | 21316 | ||
| 003 | ES-MaACL | ||
| 005 | 20250819063028.0 | ||
| 007 | t| | ||
| 008 | 021122s1968 sp ||||1| spa d | ||
| 100 | 1 |
_aAdaro Ruiz, Luis, _d1914-2006 _918414 |
|
| 245 | 1 | 0 |
_a175 años de la sidero-metalúrgica asturiana _b: las ferias de muestra de Asturias / _cLuis Adaro Ruíz-Falcó. |
| 260 |
_aGijón : _bCámara Oficial de Comercio, Industria y Navegación, _c1968. |
||
| 300 |
_a392 p., [33] h. de lám. ; _c23 cm. |
||
| 500 | _aDe la 21 a la 28 son hojas pleg. | ||
| 650 | 4 |
_aIndustria siderúrgica- _zAsturias (Comunidad Autónoma) _9169768 |
|
| 650 | 4 |
_aFerias- _zGijón. _9169769 |
|
| 852 |
_aES-MaACL _jP-1388 _bR.67895 |
||
| 999 |
_c21316 _d21316 |
||